LEADER 02624nam a2200469 a 4500 001 000000030714 003 CaOOAMICUS 005 20100917172033.0 008 970919m19852002gw u000 u ger r 020 $a3545231143 (Bd. I,1) 020 $a3545231194 (Bd. I,2) 020 $z3545231291 (Bd. I,3 - Benziger)* 020 $z3788715804 (Bd. I,3 - Neukirchener Verl.)* 020 $a3545231348 (Bd. I,4 - Benziger) 020 $a3788716819 (Bd. I,4 - Neukirchener Verl.) 035 $a10769941 040 $aPUL$bita$dPUL$delep 100 1 $aLuz, Ulrich,$d1938-$0(OLS)http://pul/name/24693 245 14$aDas Evangelium nach Matthäus /$cUlrich Luz. 260 $aZürich :$bBenziger ;$aNeukirchen-Vluyn :$bNeukirchener Verlag,$c1985-2002. 300 $a4 v. ;$c24 cm 490 1 $aEvangelisch-Katholischer Kommentar zum Neuen Testament ;$vI.1-4 505 1 $aV.1. Mt 1-7. -- v.2. Mt 8-17. -- v.3. Mt 18-25. -- v.4. Mt 26-28. 630 04$aBiblia.$pN.T.$pMatthaeus.$0(OLS)http://pul/subject/37788 730 0 $aBiblia.$pN.T.$pEvang. sec. Matthaeum.$lTedesco.$0(OLS)http://pul/title/41182 830 0$aEvangelisch-Katholischer Kommentar zum Neuen Testament ;$vI.1-4.$0(OLS)http://pul/title/42192 850 $aPUL 852 $aPUL$W1$xSL Religione 1$y3$m1(6) M 1.1$j42452$nBK-PRI$av.1.$qStampati$B42452$CPULBib$Z2$F42452 $H53621 $82 852 $aPUL$W1$xSL Religione 1$y3$m1(6) M 1.2$j141307$nBK-PRI$av.2.$qStampati$B140358$CPULBib$Z2$F140358 $H66412 $82 852 $aPUL$W1$xSL Religione 1$y3$m1(6) M 1.3$j141308$nBK-PRI$qStampati$q$av.3.$B140359$CPULBib$Z2$F140359 $H78133 $81 852 $aPUL$W1$xDP1 Religione 1$y20$m1(6) M 1.4$j141309$nBK-PRI$av.4.$qStampati$B140360$CPULBib$Z2$F140360 $H87817 $82 941 1 $a8 983 0$aEKK. 996 $6020$a3545231143 (Bd. I,1)$9(OLS)http://pul/number/38527 996 $6020$a3545231194 (Bd. I,2)$9(OLS)http://pul/number/38528 996 $6020$a3545231348 (Bd. I,4 - Benziger)$9(OLS)http://pul/number/38529 996 $6020$a3788716819 (Bd. I,4 - Neukirchener Verl.)$9(OLS)http://pul/number/38530 996 $6020$z3545231291 (Bd. I,3 - Benziger)*$9(OLS)http://pul/number/145380 996 $6020$z3788715804 (Bd. I,3 - Neukirchener Verl.)*$9(OLS)http://pul/number/145381 996 $6245$aDas Evangelium nach Matthäus$9(OLS)http://pul/title/42191 996 $6260$aZürich :$bBenziger$9(OLS)http://pul/publisher/60632 996 $6260$aNeukirchen-Vluyn :$bNeukirchener Verlag$9(OLS)http://pul/publisher/48213 LEADER 01239nam a2200265 a 4500 001 000000125431 003 CaOOAMICUS 005 20140905115542.0 008 110525s2010 gw u000 u ger r 020 $a978-3-451-27376-6 040 $aPUL$bita 245 10$aBeiträge zur philosophischen Begründung der Psychologie und der Geisteswissenschaften /$cEdith Stein ; eingeführt und bearbeitet von Beate Beckmann-Zöller . 260 $aFreiburg :$bHerder,$c©2010. 300 $aXCII, 274 p. ;$c22 cm 490 1 $aEdith Stein Gesamtausgabe ;$v6 490 1 $aFrühe Phänomenologie ;$v2 504 $aBibliografia in nota. 650 4$aPsicologia e filosofia.$0(OLS)http://pul/subject/10167 650 4$aScienze dello spirito.$0(OLS)http://pul/subject/20441 800 0 $aTheresia Benedicta a Cruce,$cs.,$d1891-1942.$tOpera omnia ;$v6.$0(OLS)http://pul/nameTitle/1397$0(OLS)http://pul/name/8163$0(OLS)http://pul/title/2415 850 $aPUL 852 $aPUL$W1$xSL Filosofia 3$y81$m193 STEED 5.6$j144456$qDDC 21$B143485$CPULBib$Z2$F143485 $H116024 $81 996 $6020$a978-3-451-27376-6$9(OLS)http://pul/number/147283 996 $6260$aFreiburg :$bHerder$9(OLS)http://pul/publisher/48354